[Event "Women's Baku Chess Olympiad"]
[Site "chess24.com"]
[Date "2016.09.10"]
[Round "8"]
[White "Nguyen, Thi Thanh An"]
[Black "Dragomirescu, Angela"]
[Result "1/2-1/2"]
[Board "4"]
[WhiteID "12400300"]
[WhiteElo "2249"]
[WhiteTitle "WGM"]
[WhiteCountry "VIE"]
[WhiteFideId "12400300"]
[WhiteEloChange "-1"]
[BlackID "1209914"]
[BlackElo "2227"]
[BlackTitle "WIM"]
[BlackCountry "ROU"]
[BlackFideId "1209914"]
[BlackEloChange "1"]

1. d4 {[%clk 1:30:56]} d6 {[%clk 1:30:53]} 2. e4 {[%clk 1:30:16]} Nf6 {[%clk
1:31:17]} 3. f3 {[%clk 1:30:07]} e5 {[%clk 1:26:04]} 4. dxe5 {[%clk 1:29:20]}
dxe5 {[%clk 1:26:30]} 5. Qxd8+ {[%clk 1:29:44]} Kxd8 {[%clk 1:26:57]} 6. Bc4
{[%clk 1:30:06]} Ke8 {[%clk 1:27:03]} 7. Be3 {[%clk 1:29:57]} Nbd7 {[%clk
1:21:15]} 8. Nc3 {[%clk 1:30:09]} c6 {[%clk 1:20:43]} 9. Nge2 {[%clk 1:29:50]}
Bc5 {[%clk 1:19:45]} 10. Nd1 {[%clk 1:28:31]} Ke7 {[%clk 1:02:02]} 11. Bg5 {[%clk
1:24:44]} h6 {[%clk 1:01:07]} 12. Bd2 {[%clk 1:24:54]} Nb6 {[%clk 0:58:23]} 13.
Bb3 {[%clk 1:24:15]} a5 {[%clk 0:50:08]} 14. a4 {[%clk 1:23:57]} Be6 {[%clk
0:49:08]} 15. Ne3 {[%clk 1:18:11]} Bxb3 {[%clk 0:37:53]} 16. Nf5+ {[%clk
1:17:37]} Kf8 {[%clk 0:38:21]} 17. cxb3 {[%clk 1:18:01]} h5 {[%clk 0:28:41]} 18.
Rc1 {[%clk 1:12:13]} Nfd7 {[%clk 0:28:59]} 19. Rc2 {[%clk 1:04:33]} g6 {[%clk
0:28:41]} 20. Ne3 {[%clk 1:04:56]} Ke7 {[%clk 0:25:45]} 21. Nc1 {[%clk 1:05:01]}
Bd4 {[%clk 0:24:05]} 22. Nd3 {[%clk 1:04:40]} Rhd8 {[%clk 0:22:45]} 23. Ke2
{[%clk 1:02:03]} Nf8 {[%clk 0:22:19]} 24. b4 {[%clk 0:50:16]} axb4 {[%clk
0:21:47]} 25. Bxb4+ {[%clk 0:50:16]} Ke8 {[%clk 0:14:26]} 26. a5 {[%clk 0:47:09]}
Nc8 {[%clk 0:14:34]} 27. Bxf8 {[%clk 0:32:14]} Kxf8 {[%clk 0:15:00]} 28. Nc4
{[%clk 0:32:36]} Nd6 {[%clk 0:10:35]} 29. Nxd6 {[%clk 0:25:28]} Rxd6 {[%clk
0:11:03]} 30. Ra1 {[%clk 0:24:58]} Ke7 {[%clk 0:10:07]} 31. Ra3 {[%clk 0:23:16]}
Ke6 {[%clk 0:09:25]} 32. b4 {[%clk 0:17:45]} Bg1 {[%clk 0:07:50]} 33. h3 {[%clk
0:17:45]} Bd4 {[%clk 0:07:44]} 34. Rca2 {[%clk 0:15:12]} Ra6 {[%clk 0:07:13]} 35.
Rb3 {[%clk 0:13:02]} Ra8 {[%clk 0:07:12]} 36. Nc5+ {[%clk 0:09:33]} Bxc5 {[%clk
0:06:53]} 37. bxc5 {[%clk 0:09:59]} Rd7 {[%clk 0:04:40]} 38. Rb6 {[%clk 0:10:20]}
Rc7 {[%clk 0:04:56]} 39. a6 {[%clk 0:04:19]} Rxa6 {[%clk 0:03:23]} 40. Raxa6
{[%clk 0:34:41]} bxa6 {[%clk 0:33:50]} 41. Rxa6 {[%clk 0:34:58]} Kd7 {[%clk
0:30:36]} 42. Kd3 {[%clk 0:30:31]} Rb7 {[%clk 0:29:54]} 43. Ra2 {[%clk 0:30:11]}
Kc8 {[%clk 0:23:40]} 44. Kc4 {[%clk 0:29:04]} Rd7 {[%clk 0:23:02]} 45. Kc3 {[%clk
0:27:43]} Kb7 {[%clk 0:21:47]} 46. Rb2+ {[%clk 0:27:10]} Kc7 {[%clk 0:22:06]} 47.
Ra2 {[%clk 0:26:41]} Kb7 {[%clk 0:22:24]} 48. Rb2+ {[%clk 0:26:29]} Kc7 {[%clk
0:22:48]} 49. Ra2 {[%clk 0:21:14]} Kb7 {[%clk 0:17:25]} 1/2-1/2

[Event "Women's Baku Chess Olympiad"]
[Site "chess24.com"]
[Date "2016.09.10"]
[Round "8"]
[White "Michna, Marta"]
[Black "Nomin-Erdene, Davaademberel"]
[Result "1/2-1/2"]
[Board "1"]
[WhiteID "1106686"]
[WhiteElo "2383"]
[WhiteTitle "WGM"]
[WhiteCountry "GER"]
[WhiteFideId "1106686"]
[WhiteEloChange "1"]
[BlackID "4900782"]
[BlackElo "2422"]
[BlackTitle "IM"]
[BlackCountry "MGL"]
[BlackFideId "4900782"]
[BlackEloChange "-1"]

1. d4 {[%clk 1:30:59]} d5 {[%clk 1:30:54]} 2. Bf4 {[%clk 1:31:00]} Nf6 {[%clk
1:31:18]} 3. e3 {[%clk 1:31:24]} c5 {[%clk 1:31:40]} 4. c3 {[%clk 1:31:49]} Qb6
{[%clk 1:31:55]} 5. Qb3 {[%clk 1:32:10]} Nc6 {[%clk 1:31:45]} 6. Nd2 {[%clk
1:32:22]} c4 {[%clk 1:31:56]} 7. Qc2 {[%clk 1:31:08]} g6 {[%clk 1:32:10]} 8. e4
{[%clk 1:31:15]} Qd8 {[%clk 1:31:33]} 9. Ngf3 {[%clk 1:26:32]} Bg7 {[%clk
1:26:27]} 10. Be2 {[%clk 1:25:59]} O-O {[%clk 1:23:33]} 11. Ne5 {[%clk 1:21:40]}
Be6 {[%clk 1:10:21]} 12. O-O {[%clk 1:01:01]} Rc8 {[%clk 1:00:16]} 13. Bf3 {[%clk
1:00:26]} dxe4 {[%clk 0:53:35]} 14. Nxe4 {[%clk 0:51:19]} Nd5 {[%clk 0:49:06]}
15. Nxc6 {[%clk 0:42:57]} Rxc6 {[%clk 0:46:31]} 16. Bg3 {[%clk 0:38:11]} b6
{[%clk 0:35:43]} 17. Rfe1 {[%clk 0:36:56]} h6 {[%clk 0:35:27]} 18. Nd2 {[%clk
0:34:45]} b5 {[%clk 0:31:48]} 19. Ne4 {[%clk 0:26:15]} Bf5 {[%clk 0:31:26]} 20.
Qd2 {[%clk 0:25:29]} e6 {[%clk 0:23:12]} 21. a4 {[%clk 0:23:01]} a6 {[%clk
0:21:56]} 22. axb5 {[%clk 0:18:32]} axb5 {[%clk 0:22:23]} 23. Nc5 {[%clk
0:18:35]} Re8 {[%clk 0:15:44]} 24. Ra7 {[%clk 0:14:42]} Bf8 {[%clk 0:15:02]} 25.
Nd7 {[%clk 0:07:47]} Bg7 {[%clk 0:15:01]} 26. Nc5 {[%clk 0:05:17]} Bf8 {[%clk
0:15:27]} 27. Nd7 {[%clk 0:03:29]} Bg7 {[%clk 0:15:53]} 28. Be5 {[%clk 0:02:25]}
Rc8 {[%clk 0:12:15]} 29. Bxg7 {[%clk 0:01:42]} Kxg7 {[%clk 0:12:43]} 30. Bxd5
{[%clk 0:01:36]} exd5 {[%clk 0:13:07]} 31. Rxe8 {[%clk 0:01:26]} Qxe8 {[%clk
0:13:29]} 32. Ne5 {[%clk 0:01:17]} Ra8 {[%clk 0:13:30]} 33. Rxa8 {[%clk 0:01:09]}
Qxa8 {[%clk 0:13:59]} 34. g4 {[%clk 0:01:26]} Qa1+ {[%clk 0:10:35]} 35. Kg2
{[%clk 0:01:52]} Be6 {[%clk 0:05:26]} 36. h3 {[%clk 0:02:06]} Qb1 {[%clk
0:05:52]} 37. Kh2 {[%clk 0:01:38]} f6 {[%clk 0:03:11]} 38. Nc6 {[%clk 0:01:38]}
Qe4 {[%clk 0:02:56]} 39. Qe3 {[%clk 0:01:04]} f5 {[%clk 0:01:55]} 40. Kg3 {[%clk
0:30:51]} g5 {[%clk 0:30:59]} 41. gxf5 {[%clk 0:28:39]} Qxe3+ {[%clk 0:22:05]}
42. fxe3 {[%clk 0:29:04]} Bxf5 {[%clk 0:22:32]} 43. Nb4 {[%clk 0:15:28]} Be6
{[%clk 0:21:05]} 44. Na6 {[%clk 0:13:43]} Bd7 {[%clk 0:18:57]} 45. h4 {[%clk
0:08:25]} Kg6 {[%clk 0:15:28]} 46. Nc5 {[%clk 0:03:25]} Bf5 {[%clk 0:12:42]} 47.
Na6 {[%clk 0:03:07]} Bd7 {[%clk 0:13:04]} 48. Nc5 {[%clk 0:02:00]} Bf5 {[%clk
0:13:29]} 49. Na6 {[%clk 0:01:37]} Bd7 {[%clk 0:13:50]} 1/2-1/2

[Event "Women's Baku Chess Olympiad"]
[Site "chess24.com"]
[Date "2016.09.10"]
[Round "8"]
[White "Uuriintuya, Uurtsaikh"]
[Black "Levushkina, Elena"]
[Result "0-1"]
[Board "2"]
[WhiteID "4900227"]
[WhiteElo "2228"]
[WhiteTitle "WIM"]
[WhiteCountry "MGL"]
[WhiteFideId "4900227"]
[WhiteEloChange "-7"]
[BlackID "14200686"]
[BlackElo "2342"]
[BlackTitle "WGM"]
[BlackCountry "GER"]
[BlackFideId "14200686"]
[BlackEloChange "7"]

1. e4 {[%clk 1:30:57]} e5 {[%clk 1:30:52]} 2. Nf3 {[%clk 1:31:19]} Nc6 {[%clk
1:31:18]} 3. Bc4 {[%clk 1:31:40]} Bc5 {[%clk 1:31:41]} 4. c3 {[%clk 1:32:03]} Nf6
{[%clk 1:32:03]} 5. d3 {[%clk 1:32:28]} a6 {[%clk 1:32:07]} 6. Bb3 {[%clk
1:32:40]} Ba7 {[%clk 1:32:14]} 7. h3 {[%clk 1:32:01]} d5 {[%clk 1:31:41]} 8. Qe2
{[%clk 1:31:01]} O-O {[%clk 1:30:10]} 9. Nbd2 {[%clk 1:30:52]} Re8 {[%clk
1:30:05]} 10. Nf1 {[%clk 1:25:01]} Na5 {[%clk 1:29:16]} 11. Bc2 {[%clk 1:24:37]}
dxe4 {[%clk 1:29:22]} 12. dxe4 {[%clk 1:23:45]} Bd7 {[%clk 1:29:40]} 13. Bd3
{[%clk 1:22:06]} Nh5 {[%clk 1:28:18]} 14. g3 {[%clk 1:21:26]} Qe7 {[%clk
1:08:37]} 15. Bg5 {[%clk 0:55:22]} Nf6 {[%clk 1:07:03]} 16. g4 {[%clk 0:55:25]}
Bb5 {[%clk 0:47:23]} 17. O-O-O {[%clk 0:37:47]} Qe6 {[%clk 0:41:59]} 18. Kb1
{[%clk 0:37:27]} Rad8 {[%clk 0:26:54]} 19. Ne3 {[%clk 0:36:39]} Rxd3 {[%clk
0:23:05]} 20. Rxd3 {[%clk 0:35:39]} Nxe4 {[%clk 0:22:45]} 21. c4 {[%clk 0:33:11]}
Nxc4 {[%clk 0:21:26]} 22. Qc2 {[%clk 0:20:05]} Nxe3 {[%clk 0:18:26]} 23. Rxe3
{[%clk 0:20:12]} Bxe3 {[%clk 0:18:29]} 24. Bxe3 {[%clk 0:20:29]} Qc6 {[%clk
0:11:24]} 25. Re1 {[%clk 0:19:02]} Nd6 {[%clk 0:08:55]} 26. Qd1 {[%clk 0:17:42]}
Bc4 {[%clk 0:05:08]} 27. Bc1 {[%clk 0:14:38]} e4 {[%clk 0:04:12]} 28. Nd2 {[%clk
0:12:54]} Bd3+ {[%clk 0:04:18]} 29. Ka1 {[%clk 0:13:15]} h6 {[%clk 0:02:56]} 30.
Nf1 {[%clk 0:09:51]} Nb5 {[%clk 0:02:46]} 31. Ne3 {[%clk 0:09:49]} Nd4 {[%clk
0:02:50]} 32. Rh1 {[%clk 0:09:26]} Qf6 {[%clk 0:02:36]} 33. Qe1 {[%clk 0:07:29]}
Qf3 {[%clk 0:02:27]} 34. b3 {[%clk 0:06:35]} c5 {[%clk 0:02:05]} 35. Bb2 {[%clk
0:06:15]} Qxe3 {[%clk 0:02:15]} 0-1

[Event "Women's Baku Chess Olympiad"]
[Site "chess24.com"]
[Date "2016.09.10"]
[Round "8"]
[White "Lubbe, Melanie"]
[Black "Enkhtuul, Altan-Ulzii"]
[Result "0-1"]
[Board "3"]
[WhiteID "4690745"]
[WhiteElo "2324"]
[WhiteTitle "WGM"]
[WhiteCountry "GER"]
[WhiteFideId "4690745"]
[WhiteEloChange "-11"]
[BlackID "4901444"]
[BlackElo "2288"]
[BlackTitle "WGM"]
[BlackCountry "MGL"]
[BlackFideId "4901444"]
[BlackEloChange "11"]

1. e4 {[%clk 1:30:57]} Nf6 {[%clk 1:30:49]} 2. e5 {[%clk 1:31:22]} Nd5 {[%clk
1:31:16]} 3. d4 {[%clk 1:31:47]} d6 {[%clk 1:31:43]} 4. c4 {[%clk 1:32:06]} Nb6
{[%clk 1:32:10]} 5. exd6 {[%clk 1:32:31]} exd6 {[%clk 1:32:35]} 6. Nc3 {[%clk
1:31:32]} Be7 {[%clk 1:33:00]} 7. Bd3 {[%clk 1:31:41]} Nc6 {[%clk 1:33:10]} 8.
Nge2 {[%clk 1:31:33]} Bf6 {[%clk 1:33:18]} 9. Be3 {[%clk 1:27:16]} O-O {[%clk
1:33:19]} 10. b3 {[%clk 1:27:30]} Bg4 {[%clk 1:33:14]} 11. O-O {[%clk 1:27:26]}
Re8 {[%clk 1:30:41]} 12. Qd2 {[%clk 1:27:19]} Bxe2 {[%clk 1:24:45]} 13. Nxe2
{[%clk 1:26:22]} Nd7 {[%clk 1:21:32]} 14. b4 {[%clk 1:20:46]} a6 {[%clk 1:13:44]}
15. Rab1 {[%clk 1:10:16]} Nf8 {[%clk 1:09:57]} 16. Rfc1 {[%clk 0:49:18]} g6
{[%clk 1:05:48]} 17. a4 {[%clk 0:42:06]} a5 {[%clk 0:54:19]} 18. bxa5 {[%clk
0:42:20]} Nxa5 {[%clk 0:54:27]} 19. Nc3 {[%clk 0:39:56]} Ne6 {[%clk 0:50:02]} 20.
Bf1 {[%clk 0:36:47]} b6 {[%clk 0:47:27]} 21. Ne4 {[%clk 0:20:48]} Bg7 {[%clk
0:47:00]} 22. c5 {[%clk 0:18:58]} Qh4 {[%clk 0:33:10]} 23. f3 {[%clk 0:15:33]} f5
{[%clk 0:32:47]} 24. Bf2 {[%clk 0:13:55]} Qd8 {[%clk 0:32:31]} 25. cxb6 {[%clk
0:12:11]} fxe4 {[%clk 0:27:53]} 26. b7 {[%clk 0:12:13]} Nxb7 {[%clk 0:27:52]} 27.
Rxb7 {[%clk 0:12:41]} exf3 {[%clk 0:27:38]} 28. gxf3 {[%clk 0:12:09]} Qf6 {[%clk
0:26:26]} 29. Bc4 {[%clk 0:07:35]} Qxf3 {[%clk 0:26:10]} 30. Bxe6+ {[%clk
0:05:20]} Rxe6 {[%clk 0:26:38]} 31. Rcxc7 {[%clk 0:05:45]} Qg4+ {[%clk 0:26:02]}
32. Kf1 {[%clk 0:04:28]} Qh3+ {[%clk 0:26:07]} 33. Kg1 {[%clk 0:04:57]} Bh6
{[%clk 0:25:08]} 34. Qa2 {[%clk 0:05:09]} Qg4+ {[%clk 0:23:28]} 35. Kf1 {[%clk
0:04:38]} Rf8 {[%clk 0:22:41]} 36. Re7 {[%clk 0:02:18]} d5 {[%clk 0:22:37]} 37.
Qxd5 {[%clk 0:01:37]} Qe2+ {[%clk 0:22:50]} 38. Kg2 {[%clk 0:01:30]} Qxf2+ {[%clk
0:22:02]} 39. Kh3 {[%clk 0:01:57]} Rf3+ {[%clk 0:22:20]} 0-1

[Event "Women's Baku Chess Olympiad"]
[Site "chess24.com"]
[Date "2016.09.10"]
[Round "8"]
[White "Lkhamsuren, Uuganbayar"]
[Black "Fuchs, Judith"]
[Result "1/2-1/2"]
[Board "4"]
[WhiteID "4901347"]
[WhiteElo "2147"]
[WhiteTitle "WIM"]
[WhiteCountry "MGL"]
[WhiteFideId "4901347"]
[WhiteEloChange "4"]
[BlackID "24605611"]
[BlackElo "2287"]
[BlackTitle "WIM"]
[BlackCountry "GER"]
[BlackFideId "24605611"]
[BlackEloChange "-4"]

1. d4 {[%clk 1:30:58]} Nf6 {[%clk 1:30:53]} 2. c4 {[%clk 1:31:24]} g6 {[%clk
1:31:14]} 3. Nc3 {[%clk 1:31:50]} Bg7 {[%clk 1:31:38]} 4. e4 {[%clk 1:32:15]} d6
{[%clk 1:32:00]} 5. Nf3 {[%clk 1:32:40]} O-O {[%clk 1:32:14]} 6. Be2 {[%clk
1:33:04]} Nbd7 {[%clk 1:32:36]} 7. O-O {[%clk 1:33:28]} e5 {[%clk 1:32:54]} 8.
Be3 {[%clk 1:33:45]} Re8 {[%clk 1:33:07]} 9. d5 {[%clk 1:33:04]} Nh5 {[%clk
1:32:51]} 10. g3 {[%clk 1:32:15]} Bf8 {[%clk 1:31:02]} 11. Ne1 {[%clk 1:31:09]}
Ng7 {[%clk 1:31:10]} 12. Nd3 {[%clk 1:31:14]} Be7 {[%clk 1:26:17]} 13. Qd2 {[%clk
1:31:14]} f5 {[%clk 1:06:13]} 14. f3 {[%clk 1:31:06]} Rf8 {[%clk 0:59:28]} 15.
Rac1 {[%clk 1:29:46]} g5 {[%clk 0:49:38]} 16. exf5 {[%clk 1:14:09]} Nxf5 {[%clk
0:49:44]} 17. Ne4 {[%clk 1:10:24]} Nxe3 {[%clk 0:36:23]} 18. Qxe3 {[%clk
1:10:42]} c5 {[%clk 0:34:54]} 19. dxc6 {[%clk 0:57:05]} bxc6 {[%clk 0:35:17]} 20.
Nb4 {[%clk 0:56:28]} Bb7 {[%clk 0:34:18]} 21. Rfd1 {[%clk 0:54:10]} a5 {[%clk
0:25:47]} 22. Nd3 {[%clk 0:49:52]} h6 {[%clk 0:18:16]} 23. h4 {[%clk 0:33:31]}
Rf7 {[%clk 0:16:32]} 24. hxg5 {[%clk 0:28:01]} hxg5 {[%clk 0:16:20]} 25. Kg2
{[%clk 0:22:27]} c5 {[%clk 0:12:54]} 26. Ndf2 {[%clk 0:21:10]} Nf8 {[%clk
0:05:16]} 27. Ng4 {[%clk 0:19:38]} Rh7 {[%clk 0:04:56]} 28. Nxc5 {[%clk 0:12:19]}
Bc8 {[%clk 0:04:30]} 29. Ne4 {[%clk 0:09:41]} Bxg4 {[%clk 0:04:17]} 30. fxg4
{[%clk 0:10:10]} Ne6 {[%clk 0:04:29]} 31. c5 {[%clk 0:09:52]} Nd4 {[%clk
0:03:32]} 32. cxd6 {[%clk 0:09:41]} Bxd6 {[%clk 0:03:48]} 33. Bc4+ {[%clk
0:05:16]} Kg7 {[%clk 0:03:29]} 34. Nxg5 {[%clk 0:03:32]} Qb6 {[%clk 0:01:53]} 35.
Qe4 {[%clk 0:01:16]} Qxb2+ {[%clk 0:01:26]} 36. Rc2 {[%clk 0:00:44]} Qxc2+ {[%clk
0:01:39]} 37. Qxc2 {[%clk 0:01:10]} Nxc2 {[%clk 0:02:05]} 38. Rxd6 {[%clk
0:00:51]} Ne3+ {[%clk 0:02:08]} 39. Kf3 {[%clk 0:00:42]} Nxc4 {[%clk 0:02:15]}
40. Rd7+ {[%clk 0:30:56]} Kg6 {[%clk 0:31:36]} 41. Nxh7 {[%clk 0:30:20]} Rh8
{[%clk 0:30:04]} 42. Rc7 {[%clk 0:29:37]} Nb2 {[%clk 0:27:15]} 43. Ke4 {[%clk
0:25:45]} Rxh7 {[%clk 0:20:44]} 44. Rxh7 {[%clk 0:25:53]} Kxh7 {[%clk 0:21:10]}
45. Kxe5 {[%clk 0:26:19]} Kg6 {[%clk 0:20:09]} 46. Kd4 {[%clk 0:26:04]} Kg5
{[%clk 0:18:55]} 47. Kc5 {[%clk 0:25:58]} Kxg4 {[%clk 0:18:20]} 48. Kb5 {[%clk
0:25:11]} a4 {[%clk 0:17:07]} 49. Kb4 {[%clk 0:25:38]} Kxg3 {[%clk 0:17:06]} 50.
Ka3 {[%clk 0:26:06]} Nd1 {[%clk 0:17:28]} 51. Kxa4 {[%clk 0:26:32]} Nc3+ {[%clk
0:17:55]} 52. Kb3 {[%clk 0:26:58]} Nxa2 {[%clk 0:17:55]} 53. Kxa2 {[%clk
0:26:58]} 1/2-1/2

[Event "Women's Baku Chess Olympiad"]
[Site "chess24.com"]
[Date "2016.09.10"]
[Round "8"]
[White "Muminova, Nafisa"]
[Black "Harika, Dronavalli"]
[Result "0-1"]
[Board "1"]
[WhiteID "14201526"]
[WhiteElo "2324"]
[WhiteTitle "WGM"]
[WhiteCountry "UZB"]
[WhiteFideId "14201526"]
[WhiteEloChange "-4"]
[BlackID "5015197"]
[BlackElo "2542"]
[BlackTitle "GM"]
[BlackCountry "IND"]
[BlackFideId "5015197"]
[BlackEloChange "2"]

1. e4 {[%clk 1:30:54]} c5 {[%clk 1:30:55]} 2. Nf3 {[%clk 1:31:16]} e6 {[%clk
1:31:20]} 3. d4 {[%clk 1:31:34]} cxd4 {[%clk 1:31:43]} 4. Nxd4 {[%clk 1:32:00]}
Nc6 {[%clk 1:32:04]} 5. Be3 {[%clk 1:31:22]} a6 {[%clk 1:29:43]} 6. Nc3 {[%clk
1:30:58]} Qc7 {[%clk 1:30:02]} 7. Qf3 {[%clk 1:31:05]} Nf6 {[%clk 1:29:37]} 8.
O-O-O {[%clk 1:30:41]} Nxd4 {[%clk 1:29:33]} 9. Bxd4 {[%clk 1:30:00]} e5 {[%clk
1:29:43]} 10. Be3 {[%clk 1:16:35]} d6 {[%clk 1:30:05]} 11. h3 {[%clk 1:14:36]} b5
{[%clk 1:28:52]} 12. Bd3 {[%clk 0:58:55]} Be7 {[%clk 1:19:22]} 13. Kb1 {[%clk
0:57:08]} b4 {[%clk 1:12:47]} 14. Nd5 {[%clk 0:55:35]} Nxd5 {[%clk 1:13:09]} 15.
exd5 {[%clk 0:56:03]} f5 {[%clk 1:09:19]} 16. Qe2 {[%clk 0:53:16]} O-O {[%clk
0:59:35]} 17. Bd2 {[%clk 0:46:19]} a5 {[%clk 0:49:08]} 18. g4 {[%clk 0:45:59]} e4
{[%clk 0:45:37]} 19. Bb5 {[%clk 0:38:41]} Bf6 {[%clk 0:43:40]} 20. f3 {[%clk
0:30:28]} a4 {[%clk 0:22:43]} 21. g5 {[%clk 0:23:18]} b3 {[%clk 0:16:15]} 22. c3
{[%clk 0:15:48]} exf3 {[%clk 0:14:00]} 23. Qxf3 {[%clk 0:14:39]} bxa2+ {[%clk
0:13:59]} 24. Kxa2 {[%clk 0:14:56]} Be5 {[%clk 0:13:45]} 25. Rhe1 {[%clk
0:11:00]} Ba6 {[%clk 0:12:12]} 26. Bxa6 {[%clk 0:10:12]} Rxa6 {[%clk 0:12:41]}
27. Qd3 {[%clk 0:10:07]} Qb7 {[%clk 0:12:13]} 28. Ka1 {[%clk 0:06:08]} Rb6 {[%clk
0:11:05]} 29. Bc1 {[%clk 0:04:24]} Rb8 {[%clk 0:08:15]} 30. Rxe5 {[%clk 0:02:36]}
dxe5 {[%clk 0:08:36]} 31. Qe2 {[%clk 0:01:25]} e4 {[%clk 0:07:53]} 32. d6 {[%clk
0:01:50]} Qc6 {[%clk 0:05:49]} 33. d7 {[%clk 0:01:22]} Rd8 {[%clk 0:06:10]} 34.
Qf2 {[%clk 0:01:35]} Rb7 {[%clk 0:05:26]} 35. Qxf5 {[%clk 0:01:33]} Rbxd7 {[%clk
0:04:50]} 36. Rf1 {[%clk 0:01:58]} a3 {[%clk 0:04:25]} 37. Qf2 {[%clk 0:00:43]}
axb2+ {[%clk 0:04:42]} 0-1

[Event "Women's Baku Chess Olympiad"]
[Site "chess24.com"]
[Date "2016.09.10"]
[Round "8"]
[White "Padmini, Rout"]
[Black "Tokhirjonova, Gulrukhbegim"]
[Result "1/2-1/2"]
[Board "2"]
[WhiteID "5029295"]
[WhiteElo "2408"]
[WhiteTitle "IM"]
[WhiteCountry "IND"]
[WhiteFideId "5029295"]
[WhiteEloChange "-2"]
[BlackID "14203626"]
[BlackElo "2289"]
[BlackTitle "WIM"]
[BlackCountry "UZB"]
[BlackFideId "14203626"]
[BlackEloChange "3"]

1. e4 {[%clk 1:30:53]} e5 {[%clk 1:30:50]} 2. Nf3 {[%clk 1:29:23]} Nc6 {[%clk
1:31:11]} 3. Bc4 {[%clk 1:29:17]} Bc5 {[%clk 1:31:02]} 4. O-O {[%clk 1:29:13]}
Nf6 {[%clk 1:31:07]} 5. d3 {[%clk 1:29:26]} d6 {[%clk 1:31:20]} 6. c3 {[%clk
1:27:06]} a6 {[%clk 1:31:10]} 7. Re1 {[%clk 1:26:24]} Ba7 {[%clk 1:29:13]} 8. Bb3
{[%clk 1:26:33]} O-O {[%clk 1:29:27]} 9. h3 {[%clk 1:26:07]} h6 {[%clk 1:28:57]}
10. Nbd2 {[%clk 1:26:00]} Nh5 {[%clk 1:29:00]} 11. Nf1 {[%clk 1:25:22]} Qf6
{[%clk 1:28:40]} 12. Be3 {[%clk 1:16:11]} Bxe3 {[%clk 1:26:46]} 13. fxe3 {[%clk
1:06:17]} g6 {[%clk 1:25:11]} 14. N3h2 {[%clk 1:05:11]} Kh7 {[%clk 1:15:50]} 15.
Re2 {[%clk 0:59:35]} Be6 {[%clk 1:12:43]} 16. Rf2 {[%clk 0:58:19]} Qe7 {[%clk
1:11:14]} 17. Bc2 {[%clk 0:55:08]} Rae8 {[%clk 1:02:52]} 18. d4 {[%clk 0:52:42]}
Bc8 {[%clk 0:55:55]} 19. g4 {[%clk 0:32:37]} Ng7 {[%clk 0:53:04]} 20. Ng3 {[%clk
0:32:38]} Rg8 {[%clk 0:45:12]} 21. Qf3 {[%clk 0:27:04]} Ref8 {[%clk 0:45:30]} 22.
Kh1 {[%clk 0:23:53]} Kh8 {[%clk 0:44:47]} 23. Rg1 {[%clk 0:21:30]} Nd8 {[%clk
0:36:43]} 24. Nhf1 {[%clk 0:14:00]} Qh4 {[%clk 0:33:28]} 25. Qf6 {[%clk 0:08:32]}
Qxf6 {[%clk 0:32:32]} 26. Rxf6 {[%clk 0:08:59]} Ne8 {[%clk 0:30:39]} 27. Rf2
{[%clk 0:09:17]} Ne6 {[%clk 0:29:56]} 28. Nd2 {[%clk 0:05:24]} b5 {[%clk
0:27:41]} 29. Kh2 {[%clk 0:05:07]} c5 {[%clk 0:27:27]} 30. Ne2 {[%clk 0:04:12]}
Kg7 {[%clk 0:25:57]} 31. a4 {[%clk 0:02:57]} Rh8 {[%clk 0:23:29]} 32. axb5 {[%clk
0:00:46]} axb5 {[%clk 0:23:57]} 33. d5 {[%clk 0:00:47]} N6c7 {[%clk 0:23:46]} 34.
Ng3 {[%clk 0:00:58]} Na6 {[%clk 0:21:53]} 35. Ra1 {[%clk 0:00:59]} Nec7 {[%clk
0:21:18]} 36. b3 {[%clk 0:00:53]} Bd7 {[%clk 0:20:58]} 37. Rff1 {[%clk 0:01:01]}
Ra8 {[%clk 0:19:33]} 38. Ra5 {[%clk 0:01:03]} Nb8 {[%clk 0:18:03]} 39. Rxa8
{[%clk 0:01:11]} Nxa8 {[%clk 0:18:31]} 40. Ra1 {[%clk 0:31:30]} Nc7 {[%clk
0:48:35]} 41. Bd1 {[%clk 0:29:38]} Nba6 {[%clk 0:40:50]} 42. Be2 {[%clk 0:27:53]}
Ra8 {[%clk 0:40:46]} 43. Kg2 {[%clk 0:27:48]} Nb8 {[%clk 0:38:51]} 44. Rxa8
{[%clk 0:28:00]} 1/2-1/2

[Event "Women's Baku Chess Olympiad"]
[Site "chess24.com"]
[Date "2016.09.10"]
[Round "8"]
[White "Kurbonboeva, Sarvinoz"]
[Black "Soumya, Swaminathan"]
[Result "1/2-1/2"]
[Board "3"]
[WhiteID "14201780"]
[WhiteElo "2223"]
[WhiteTitle "WIM"]
[WhiteCountry "UZB"]
[WhiteFideId "14201780"]
[WhiteEloChange "4"]
[BlackID "5016193"]
[BlackElo "2379"]
[BlackTitle "WGM"]
[BlackCountry "IND"]
[BlackFideId "5016193"]
[BlackEloChange "-4"]

1. d4 {[%clk 1:30:59]} d5 {[%clk 1:29:31]} 2. c4 {[%clk 1:31:23]} e6 {[%clk
1:29:39]} 3. Nc3 {[%clk 1:31:32]} c6 {[%clk 1:30:02]} 4. cxd5 {[%clk 1:31:36]}
exd5 {[%clk 1:30:25]} 5. Qc2 {[%clk 1:31:59]} Bd6 {[%clk 1:26:56]} 6. Nf3 {[%clk
1:31:57]} Ne7 {[%clk 1:27:04]} 7. e4 {[%clk 1:31:43]} dxe4 {[%clk 1:26:57]} 8.
Nxe4 {[%clk 1:32:06]} Bb4+ {[%clk 1:26:27]} 9. Bd2 {[%clk 1:32:05]} Bxd2+ {[%clk
1:25:54]} 10. Qxd2 {[%clk 1:32:28]} O-O {[%clk 1:23:00]} 11. Bc4 {[%clk 1:32:09]}
Bf5 {[%clk 1:11:17]} 12. Nc3 {[%clk 1:30:34]} Nd7 {[%clk 1:08:41]} 13. O-O {[%clk
1:30:48]} Bg4 {[%clk 1:00:10]} 14. Qf4 {[%clk 1:08:50]} Bxf3 {[%clk 0:59:08]} 15.
Qxf3 {[%clk 1:07:05]} Nb6 {[%clk 0:59:30]} 16. Qd3 {[%clk 1:06:56]} Nxc4 {[%clk
0:57:36]} 17. Qxc4 {[%clk 1:07:20]} Qd7 {[%clk 0:56:32]} 18. Rad1 {[%clk
1:07:05]} Rad8 {[%clk 0:56:42]} 19. Rfe1 {[%clk 1:03:30]} Rfe8 {[%clk 0:54:58]}
20. h3 {[%clk 1:01:34]} Nd5 {[%clk 0:50:52]} 21. Nxd5 {[%clk 0:58:57]} cxd5
{[%clk 0:51:17]} 22. Qb4 {[%clk 0:55:26]} g6 {[%clk 0:42:19]} 23. Rxe8+ {[%clk
0:52:25]} Rxe8 {[%clk 0:42:43]} 24. Re1 {[%clk 0:52:14]} b6 {[%clk 0:41:43]} 25.
Rxe8+ {[%clk 0:44:00]} Qxe8 {[%clk 0:41:51]} 26. Qd2 {[%clk 0:42:36]} Qe4 {[%clk
0:41:03]} 27. a3 {[%clk 0:38:01]} Kg7 {[%clk 0:39:23]} 28. f3 {[%clk 0:35:22]}
Qe6 {[%clk 0:37:46]} 29. Kf2 {[%clk 0:35:26]} b5 {[%clk 0:31:39]} 30. Qe3 {[%clk
0:29:29]} Qxe3+ {[%clk 0:27:13]} 31. Kxe3 {[%clk 0:29:52]} f5 {[%clk 0:26:12]}
32. b4 {[%clk 0:28:23]} Kf6 {[%clk 0:26:26]} 33. g3 {[%clk 0:27:26]} g5 {[%clk
0:24:53]} 34. g4 {[%clk 0:27:32]} f4+ {[%clk 0:24:24]} 35. Kd3 {[%clk 0:27:56]}
h6 {[%clk 0:24:46]} 1/2-1/2